Gaming Quiz

Random Gaming or Nintendo Quiz

Super Smash Bros. Ultimate Music - Metroid Quiz Stats

 Plays Quiz not verified by Sporcle

Support Sporcle.
Go Orange.
Score 0/25 Timer 15:00
0 Plays Today
- Name % Correct
Remix (64)Brinstar (64)
98.7%
Remix (Melee)Brinstar (Melee)
98.7%
Remix (Brawl)Brinstar (Brawl)
98.7%
New RemixBrinstar Depths
97.3%
Remix (Melee)Brinstar Depths (Melee)
97.3%
Remix (Brawl)Norfair
97.3%
New RemixVs. Ridley
97.3%
Remix (Brawl)Vs. Ridley (Brawl)
97.3%
Remix (Brawl)Opening / Menu - Metroid Prime
93.3%
Vs. Meta Ridley
90.7%
Remix (3DS/Wii U)Title Theme - Metroid
85.3%
Nemesis Ridley
85.3%
New RemixVs. Parasite Queen
81.3%
- Name % Correct
End Results - Metroid: Samus Returns
81.3%
Remix (Brawl)Ending - Metroid
80%
Main Theme - Metroid Prime: Federation Force
77.3%
Remix (Brawl)Theme of Samus Aran, Space Warrior
74.7%
Remix (3DS/Wii U)Escape
73.3%
Multiplayer - Metroid Prime 2: Echoes
73.3%
Remix (Brawl)Sector 1
72%
The Burning Lava Fish
61.3%
Magmoor Caverns - Metroid: Samus Returns
58.7%
Boss Battle 4 - Metroid: Samus Returns
53.3%
Psycho Bits
48%
Lockdown Battle Theme
45.3%

You're not logged in!

Compare scores with friends on all Sporcle quizzes.
OR
Log In

From the Vault

Movie Subtitle Madness II

by sproutcm

A sequel quiz about movie sequels? Whoaaa.
Remove Ads.
Support Sporcle.
Get the best of Sporcle when you Go Orange. This ad-free experience offers more features, more stats, and more fun while also helping to support Sporcle. Thank you for becoming a member.

Show Comments

Extras

Top Quizzes Today


Score Distribution

Your Account Isn't Verified!

In order to create a playlist on Sporcle, you need to verify the email address you used during registration. Go to your Sporcle Settings to finish the process.

Report this User

Report this user for behavior that violates our Community Guidelines.

Details: